000 00985nam a22003017a 4500
003 CHAP
005 20220329140626.0
008 971013s1995 r 00010 d
010 _a54948
011 _a55920
035 _a60073
040 _cCHAP
100 0 0 _aBuendía Romero, Hilario.
_915950
245 _aAnálisis de los sistemas de bombeo serie y paralelo
260 _aChapingo, Méx. :
_bEl autor,
_c1995
300 _a110 h.
_b: anexos
500 _aTeesis (Ing. Agr. Esp. en Irrigación) -- UACH. Departamento de Irrigación
590 _aBATCH-UPD
_b10
_c20130110
_lUCH01
_h0749
590 _aBATCH-UPD
_b10
_c20130410
_lUCH01
_h0429
590 _aBATCH-UPD
_b10
_c20130914
_lUCH01
_h0655
590 _aCONVERSION
_b10
_c20130109
_lUCH01
_h1330
650 1 4 _aBombas centrífugas.
_913619
650 1 4 _aBombeo.
_913625
901 _aBK
942 _cFOLL
949 _bBC
_cTES
_d-129644
_eTS1
_h28389
_i60073
_si
949 _bBC
_cTES
_d33724000088019
_eTS2
_fc.2
_h28390
_i60073
_si
999 _c54948
_d54948